| 000 | 01194nam2a22002651 4500 | ||
|---|---|---|---|
| 001 | RU\NLR\INFOCOMM7\5000022846 | ||
| 005 | 20250617024224.0 | ||
| 035 | _a(NLR Aleph) 002386979 | ||
| 090 |
_a4618820 _c4618820 |
||
| 100 | _a20041220d1915 |||y0rusy50 ca | ||
| 101 | 0 | _arus | |
| 102 | _aRU | ||
| 105 | _ay ||||000|y | ||
| 200 | 1 |
_aОпыт привлечения птиц в искусственные гнездовья _fА.Н. Васильчук |
|
| 210 |
_d1915 _aБ. м. |
||
| 461 | 0 |
_1001RU\NLR\INFOCOMM7\5000022532 _12001#$aТруды по опытному лесному делу в России$fГлав. упр. землеустройства и земледелия. Лесной департамент$vВып.55 _94618059 _cСПб. _d1900-1931 _fГлав. упр. землеустройства и земледелия. Лесной департамент _tТруды по опытному лесному делу в России _vВып.55 |
|
| 700 | 1 |
_aВасильчук _bА.Н. _4070 |
|
| 801 | 1 |
_aRU _bInfoComm _c20041220 |
|
| 801 | 0 |
_aRU _bNLR _gPSBO |
|
| 852 |
_aNLR _j131/1105 |
||
| 852 |
_aNLR _j37.5.4.35 |
||
| 942 | _cISSUE | ||
| 980 | _aNB | ||
| 980 | _aRUSPER | ||